| 000 | 00630nam a2200217 a 4500 | ||
|---|---|---|---|
| 005 | 20140310183446.0 | ||
| 008 | 081002s19uu xx 00 eng d | ||
| 020 | _a0072261668 | ||
| 050 |
_aTR 267 _b.H68 2005 |
||
| 100 | _aHousenbold, Jeffrey | ||
| 245 | _aThe shutterfly guide to great digital photos. | ||
| 260 |
_aOsborne, New York : _bMcGraw-Hill, _c2005. |
||
| 300 |
_a261 p. : _bcol. ill. ; _c26 cm. |
||
| 521 | _aMA | ||
| 650 | _aMedia Arts. | ||
| 650 |
_aPhotography _xDigital techniques. |
||
| 650 |
_aPhotography _xHandbooks, manuals, etc. |
||
| 700 | _aJohnson, Dave | ||
| 942 |
_cBK _2lcc _kFOR |
||
| 999 |
_c23260 _d23260 |
||